<?xml version="1.0" encoding="UTF-8"?><?xml-stylesheet type="text/xsl" href="static/style.xsl"?><OAI-PMH xmlns="http://www.openarchives.org/OAI/2.0/" xmlns:xsi="http://www.w3.org/2001/XMLSchema-instance" xsi:schemaLocation="http://www.openarchives.org/OAI/2.0/ http://www.openarchives.org/OAI/2.0/OAI-PMH.xsd"><responseDate>2026-04-27T14:35:50Z</responseDate><request verb="GetRecord" identifier="oai:uvadoc.uva.es:10324/75362" metadataPrefix="marc">https://uvadoc.uva.es/oai/request</request><GetRecord><record><header><identifier>oai:uvadoc.uva.es:10324/75362</identifier><datestamp>2025-03-18T20:02:13Z</datestamp><setSpec>com_10324_38</setSpec><setSpec>col_10324_852</setSpec></header><metadata><record xmlns="http://www.loc.gov/MARC21/slim" xmlns:doc="http://www.lyncode.com/xoai" xmlns:xsi="http://www.w3.org/2001/XMLSchema-instance" xmlns:dcterms="http://purl.org/dc/terms/" xsi:schemaLocation="http://www.loc.gov/MARC21/slim http://www.loc.gov/standards/marcxml/schema/MARC21slim.xsd">
<leader>00925njm 22002777a 4500</leader>
<datafield tag="042" ind1=" " ind2=" ">
<subfield code="a">dc</subfield>
</datafield>
<datafield tag="720" ind1=" " ind2=" ">
<subfield code="a">González Chamorro, Sandra</subfield>
<subfield code="e">author</subfield>
</datafield>
<datafield tag="260" ind1=" " ind2=" ">
<subfield code="c">2024</subfield>
</datafield>
<datafield tag="520" ind1=" " ind2=" ">
<subfield code="a">El uso de cuentos infantiles como herramienta efectiva para enseñar el valor del respeto a niños en educación infantil se revela como una estrategia altamente eficaz en esta etapa del desarrollo. Este Trabajo de Fin de Grado se fundamenta en una propuesta de intervención desarrollada en un aula, donde se llevó a cabo de manera estructurada mediante actividades de lectura y discusión de cuentos cuidadosamente seleccionados por su contenido relacionado con el respeto y la resolución de conflictos. Esta metodología no solo promueve la comprensión del valor del respeto entre los niños, sino que también fomenta habilidades importantes como la empatía y la comunicación efectiva desde una edad temprana.</subfield>
</datafield>
<datafield tag="024" ind2=" " ind1="8">
<subfield code="a">https://uvadoc.uva.es/handle/10324/75362</subfield>
</datafield>
<datafield tag="245" ind1="0" ind2="0">
<subfield code="a">Lectura de cuentos para desarrollar el valor del respeto en Educación Infantil. Una propuesta didáctica basada en una experiencia en el aula</subfield>
</datafield>
</record></metadata></record></GetRecord></OAI-PMH>